书目信息 |
| 题名: |
中国工艺美术史
|
|
| 作者: | 何克峰 , 王卉 主编 | |
| 分册: | ||
| 出版信息: | 合肥 合肥工业大学出版社 2013.07 |
|
| 页数: | 134页 | |
| 开本: | 26cm | |
| 丛书名: | 高等院校“十二五”艺术设计专业系列规划教材 | |
| 单 册: | ||
| 中图分类: | J509.2 | |
| 科图分类: | ||
| 主题词: | 工艺美术史--gong yi mei shu shi--中国--高等学校--教材 | |
| 电子资源: | ||
| ISBN: | 978-7-5650-1375-1 | |
| 000 | 01102nam 2200289 450 | |
| 001 | CAL 012013156575 | |
| 005 | 20150819153345.68 | |
| 010 | @a978-7-5650-1375-1@dCNY39.00 | |
| 100 | @a20130916d2013 em y0chiy50 ea | |
| 101 | 0 | @achi |
| 102 | @aCN@b340000 | |
| 105 | @aa a 000yy | |
| 106 | @ar | |
| 200 | 1 | @a中国工艺美术史@Azhong guo gong yi mei shu shi@f主编何克峰, 王卉 |
| 210 | @a合肥@c合肥工业大学出版社@d2013.07 | |
| 215 | @a134页@c彩图@d26cm | |
| 225 | 2 | @a高等院校“十二五”艺术设计专业系列规划教材@Agao deng yuan xiao “ shi er wu ” yi shu she ji zhuan ye xi lie gui hua jiao cai |
| 320 | @a有书目 (第134页) | |
| 330 | @a本书共分为七章, 主要内容包括: 原始社会时期的工艺美术 ; 夏、商、周时期的工艺美术 ; 秦汉时期的工艺美术 ; 魏晋南北朝时期的工艺美术等。 | |
| 410 | 0 | @12001 @a高等院校“十二五”艺术设计专业系列规划教材 |
| 586 | @a | |
| 606 | 0 | @a工艺美术史@Agong yi mei shu shi@y中国@x高等学校@j教材 |
| 690 | @aJ509.2@v5 | |
| 701 | 0 | @a何克峰@Ahe ke feng@4主编 |
| 701 | 0 | @a王卉@Awang hui@4主编 |
| 801 | 0 | @aCN@c20150820 |
| 905 | @a河南城建学院图书馆@dJ509.2@eH180@f3 | |
| 中国工艺美术史/主编何克峰, 王卉.-合肥:合肥工业大学出版社,2013.07 |
| 134页:彩图;26cm.-(高等院校“十二五”艺术设计专业系列规划教材) |
| ISBN 978-7-5650-1375-1:CNY39.00 |
| 本书共分为七章, 主要内容包括: 原始社会时期的工艺美术 ; 夏、商、周时期的工艺美术 ; 秦汉时期的工艺美术 ; 魏晋南北朝时期的工艺美术等。 |
| ● |
| 相关链接 |
|
|
|
正题名:中国工艺美术史
索取号:J509.2/H180
 
预约/预借
| 序号 | 登录号 | 条形码 | 馆藏地/架位号 | 状态 | 备注 |
| 1 | 1166806 | 211668060 | 社科库309/309社科库 85排4列1层/ [索取号:J509.2/H180] | 在馆 | |
| 2 | 1166807 | 211668079 | 社科库309/309社科库 85排4列1层/ [索取号:J509.2/H180] | 在馆 | |
| 3 | 1166808 | 211668088 | 自科二线404/309社科库 86排2列4层/ [索取号:J509.2/H180] | 在馆 |